| 000 | 00489nab a2200145Ia 4500 | ||
|---|---|---|---|
| 003 | ES-SlBCS | ||
| 005 | 20210601130846.0 | ||
| 008 | 140529s1950 xxu||||| |||| 00| 0 fre d | ||
| 041 | _afre | ||
| 100 | 1 |
_aVliet, N. Van Der _9178134 |
|
| 245 | 0 | 0 |
_aMonnaies inédites ou très rares du médaillier de Sainte-Anne de Jérusalem _c N. van der Vliet |
| 651 | 4 |
_aJerusalén _992390 |
|
| 773 | 0 |
_tRevue Biblique Internacionale _gvol. 57, 1950, págs. 110-129/243-259/430-442 _wRev879 |
|
| 942 | _cAR | ||
| 999 |
_c553615 _d553615 |
||